Prueba rápida de matemáticas - prueba corta de matemáticas - Quiz 18 - Estadísticas

Estadísticas generales
  • Esta prueba ha sido intentada 83 veces
  • La puntuación promedio es 14 de 15
Estadísticas de respuestas
Hint Respuesta % Correcto
1 + 2 + 3 + 4 + 5 = 15
100%
2 + 3 + 4 + 5 + 6 = 20
96%
7 + 8 + 9 + 10 + 1 = 35
96%
6 + 7 + 8 + 9 + 10 = 40
96%
4 + 4 + 3 + 3 + 2 = 16
93%
10 + 1 + 2+ 3 + 4 + 2 = 22
93%
3 + 4 + 5 + 6 + 7 = 25
93%
9 + 10 + 1 + 2 + 3 + 3 = 28
93%
2 + 2 + 3 + 1 + 1 = 9
93%
4 + 5 + 6 + 7 + 8 = 30
92%
8 + 9 + 10 + 1 + 2 + 1 = 31
92%
5 + 6 + 7 + 8 + 9 + 1 = 36
92%
7 + 6 + 6 + 5 + 5 = 29
90%
9 + 9 + 8 + 8 + 7 = 41
86%
6 + 7 + 8 + 9 + 10 + 3 = 43
86%
No se encontraron pruebas coincidentes
Distribución de puntuación
Porcentaje de gente con cada puntuación
Porcentaje por número respondido
Historial de tus puntuaciones
No has intentado esta prueba.